000 00672nam a2200217Ia 4500
003 OSt
005 20220509144204.0
008 210716s2014 xx 000 0 und d
020 _a9788132119692
040 _cAIMIT LIBRARY
041 _aeng
082 _a658.3125
_22
_bRAOT
100 _aRao, T V.
_935056
245 _aPower of 360 degree feedback :
_bthe india way for leadership effectiveness
_cBy T.V Rao and Raju Rao.
250 _a2nd ed.
260 _aNew Delhi
_bSage Publications
_c2014
300 _axxviii, 256p.
_c21.5 cm.
650 _aLeadership
_935057
650 _aLessons from experience and research
_935058
942 _2ddc
_cBK
_e2nd
_k658.3125 RAOT
999 _c211465
_d211465